000 00851nmc a2200313 a 4500
003 AR-BaBNM
005 20251128205406.0
008 297019s1989 ||||||||||||||000 | spa||
020 _a84-348-2778-6
040 _cAR-BaBNM
100 1 _aBanacloche, Julieta
245 1 0 _aDe aventurero a almirante
_bCristóbal Colón
260 _aMadrid
_bSM
_c1989
300 0 _a74 p.
_bil., láms.
490 0 _aEl gran encuentro
_vv. 2
500 0 _aContiene glosario p. 72-73.
500 0 _aIndice cronológico p. 71.
600 1 4 _aColón, Cristóbal
650 4 _aPERIODO HISPANICO
650 4 _aEXPEDICIONES CIENTIFICAS
650 4 _aEXPLORACION
650 4 _aLITERATURA INFANTIL
650 4 _aHISTORIA LITERARIA
651 4 _aOcéano Atlántico
651 4 _aAmérica Latina
655 _aLITERATURA
942 _cBK
998 _cmariana
999 _c11236
_d11236